NFL Players Name Chain - Statistics

General Stats
  • This quiz has been taken 141 times
  • The average score is 14 of 15
Answer Stats
Player 1 First Name Player 2 Last Name Answer % Correct
Josh (BUF QB) Lazard (NYJ WR) Allen
98%
Deebo (SF WR) Watkins (BUF WR) Samuel
98%
Jonathan (IND RB) Heinecke (WSH QB) Taylor
98%
Ja'Marr (CIN WR) Brown (CIN RB) Chase
97%
Myles (CLE DE) Bolles (DEN OT) Garrett
97%
Trevor (JAX QB) Taylor (NYG DE) Lawrence
96%
Derwin (LA SS) Cook (BUF RB) James
95%
Danielle (MIN DE) Henry (NE TE) Hunter
94%
Michael (NO WR) Davis (CAR LB) Thomas
93%
Jaire (GB CB) Mattison (LV RB) Alexander
92%
Quentin (IND G) Agholor (PHI WR) Nelson
91%
AJ (ATL CB) Suggs (BAL LB) Terrell
91%
Tyrone (NYG RB) Porter (NO CB) Tracy
85%
Myles (JAX LB) Doyle (IND TE) Jack
69%
N'Keal (NE WR) Carson (NYG LB) Harry
68%
No matching quizzes found
Score Distribution
Percent of People with Each Score
Percentile by Number Answered
Your Score History
You have not taken this quiz